| 000 | 00927cam a22003133a 4500 | ||
|---|---|---|---|
| 001 | 2891 | ||
| 003 | PGUSA | ||
| 005 | 20140828083023.0 | ||
| 008 | 011101s2001||||xxu|||||s|||||000 1 eng d | ||
| 040 |
_aPGUSA _beng |
||
| 042 | _adc | ||
| 050 | 4 | _aPR | |
| 100 | 1 |
_aForster, E. M. _q(Edward Morgan), _d1879-1970 |
|
| 245 | 1 | 0 |
_aHowards End _h[electronic resource] / _cE. M. Forster |
| 260 |
_bProject Gutenberg, _c2001 |
||
| 506 | _aPublic domain in the USA. | ||
| 516 | _aElectronic text | ||
| 653 | _aSocial classes -- Fiction | ||
| 653 | _aInheritance and succession -- Fiction | ||
| 653 | _aEngland -- Fiction | ||
| 653 | _aIllegitimate children -- Fiction | ||
| 653 | _aSisters -- Fiction | ||
| 653 | _aRemarried people -- Fiction | ||
| 653 | _aCountry homes -- Fiction | ||
| 653 | _aDomestic fiction | ||
| 830 | 0 |
_aProject Gutenberg _v2891 |
|
| 856 | 4 | 0 | _uhttp://www.gutenberg.org/ebooks/2891 |
| 942 | _cEB | ||
| 999 |
_c232221 _d232221 |
||